Abeceda obchodu

Opatrenia súvisiace so zmenami v českom exporte po vstupe do EÚ. Česko ako súčasť colného územia EÚ a jednotného vnútorného trhu. Dodávky tovaru z ČR do štátov EÚ, obchod z nečlenskými štátmi EÚ.

Salvato in:
Dettagli Bibliografici
Natura: Capitolo di libro
Lingua:ceco
Soggetti:
Tags: Aggiungi Tag
Nessun Tag, puoi essere il primo ad aggiungerne!!

MARC

LEADER 00000naa$a2200000$$$4500
001 0007450
005 20230908091038.1
041 0 |a cze 
044 |a CZ 
245 1 0 |a Abeceda obchodu 
520 |a Opatrenia súvisiace so zmenami v českom exporte po vstupe do EÚ. Česko ako súčasť colného územia EÚ a jednotného vnútorného trhu. Dodávky tovaru z ČR do štátov EÚ, obchod z nečlenskými štátmi EÚ. 
610 2 0 |a partneri obchodní 
610 2 0 |a styk zahraničnoobchodný 
610 2 0 |a technika obchodná 
610 2 0 |a Česko 
610 2 0 |a Európska únia